<?xml version="1.0" encoding="UTF-8"?>
<record
    xmlns:xsi="http://www.w3.org/2001/XMLSchema-instance"
    xsi:schemaLocation="http://www.loc.gov/MARC21/slim http://www.loc.gov/standards/marcxml/schema/MARC21slim.xsd"
    xmlns="http://www.loc.gov/MARC21/slim">

  <leader>00919naa a2200193 a 4500</leader>
  <controlfield tag="003">AR-MoUNM</controlfield>
  <controlfield tag="005">20150818114053.0</controlfield>
  <controlfield tag="008">150225b2001    ag ||||| |||| 00| 0 spa d</controlfield>
  <datafield tag="040" ind1=" " ind2=" ">
    <subfield code="c">AR-MoUNM</subfield>
  </datafield>
  <datafield tag="100" ind1="1" ind2=" ">
    <subfield code="9">1621</subfield>
    <subfield code="a">Guber, Rosana.</subfield>
  </datafield>
  <datafield tag="240" ind1="1" ind2="0">
    <subfield code="a">Recurso Accesible</subfield>
  </datafield>
  <datafield tag="245" ind1="1" ind2="3">
    <subfield code="a">La entrevista etnogr&#xE1;fica o el arte de la "no directividad&#x201D; /</subfield>
    <subfield code="h">[recurso electr&#xF3;nico] /</subfield>
    <subfield code="c">Rosana Guber.</subfield>
  </datafield>
  <datafield tag="300" ind1=" " ind2=" ">
    <subfield code="a">Datos electr&#xF3;nicos : (1 archivo : 89 KB)</subfield>
  </datafield>
  <datafield tag="500" ind1=" " ind2=" ">
    <subfield code="a">Cap&#xED;tulo 4.</subfield>
  </datafield>
  <datafield tag="505" ind1="0" ind2=" ">
    <subfield code="a">Material digitalizado preparado con fines de estudio o recreaci&#xF3;n, para uso exclusivo y personal de usuarios no videntes, o con otras discapacidades perceptivas. No est&#xE1; disponible para otros usuarios para proteger los derechos de autor en la normativa vigente.</subfield>
  </datafield>
  <datafield tag="650" ind1=" " ind2="7">
    <subfield code="9">54</subfield>
    <subfield code="a">TRABAJO SOCIAL</subfield>
    <subfield code="2">unescot</subfield>
  </datafield>
  <datafield tag="773" ind1="0" ind2=" ">
    <subfield code="0">279</subfield>
    <subfield code="9">484</subfield>
    <subfield code="a">G&#xFA;ber, Rosana.</subfield>
    <subfield code="t">La etnograf&#xED;a : </subfield>
    <subfield code="g">p. 75-100.</subfield>
    <subfield code="d">Bogot&#xE1; :  Norma, 2001.</subfield>
    <subfield code="o">1211</subfield>
  </datafield>
  <datafield tag="942" ind1=" " ind2=" ">
    <subfield code="c">ANAL&#xCD;TICA</subfield>
  </datafield>
  <datafield tag="999" ind1=" " ind2=" ">
    <subfield code="c">4632</subfield>
    <subfield code="d">4633</subfield>
  </datafield>
  <datafield tag="952" ind1=" " ind2=" ">
    <subfield code="0">0</subfield>
    <subfield code="1">0</subfield>
    <subfield code="4">0</subfield>
    <subfield code="7">0</subfield>
    <subfield code="a">accesible</subfield>
    <subfield code="b">accesible</subfield>
    <subfield code="d">2015-02-25</subfield>
    <subfield code="l">0</subfield>
    <subfield code="r">2015-02-25 00:00:00</subfield>
    <subfield code="w">2015-02-25</subfield>
    <subfield code="y">RECURSOE</subfield>
  </datafield>
</record>
